| 000 | 00569nam a2200169 4500 | ||
|---|---|---|---|
| 008 | 170419b xxu||||| |||| 00| 0 eng d | ||
| 020 | _a971-08-2954-8 | ||
| 082 |
_21982 _aDC 155 _bH93 |
||
| 100 |
_919850 _aHurlock, Elizabeth B. |
||
| 245 |
_aDevelopmental psychology : _ba life-span approach / _cElizabeth B. Hurlock. |
||
| 250 | _aFifth Edition | ||
| 260 |
_aNew York : _bMcGraw-Hill, _cc1982. |
||
| 300 |
_axiv, 477 pages : _billustrations ; _c24 cm |
||
| 500 | _aIncludes bibliographies and index. | ||
| 650 | 0 |
_919851 _aDevelopmental psychology |
|
| 942 |
_2ddc _cDC |
||
| 999 |
_c6562 _d6562 |
||